00495nam a2200181Ia 4500008004100000041001200041082001200053100003400065245003700099365000900136520001300145520004300158546001200201630003700213650001300250655001300263730003700276101110s9999 xx 000 0 und d aENGLISH bSR23346 aWigglesworth Joe, Lumby Paula aJava Programming Advanced Topics b1414 aComputer aSent to Computer Deptt., dt. 14-8-2003 aENGLISH aJava Programming Advanced Topics aComputer aComputer aJava Programming Advanced Topics